Universiade Host Cities - Statistics

General Stats
  • This quiz has been taken 10 times
  • The average score is 13 of 30
Answer Stats
Year City % Correct
2001 Beijing
70%
2009 Belgrade
70%
1979 Mexico City
70%
1975 Rome
70%
1967 Tokyo
70%
1973 Moscow
60%
2017 Taipei
60%
2007 Bangkok
50%
2019 Naples
50%
1961 Sofia
50%
1977 Sofia
50%
1981 Bucharest
40%
1965 Budapest
40%
2013 Kazan
40%
2011 Shenzhen
40%
1959 Torino
40%
1970 Torino
40%
2003 Daegu
30%
1983 Edmonton
30%
1995 Fukuoka
30%
2015 Gwangju
30%
1985 Kobe
30%
1999 Palma de Mallorca
30%
1991 Sheffield
30%
1997 Sicily
30%
1987 Zagreb
30%
1993 Buffalo
20%
1989 Duisburg
20%
2005 Izmir
20%
1963 Porto Alegre
20%
No matching quizzes found
Score Distribution
Percent of People with Each Score
Percentile by Number Answered
Your Score History
You have not taken this quiz